[Event "London Classic Superrapid"]
[Site "London ENG"]
[Date "2015.12.13"]
[Round "10.13"]
[White "Baron, Tal"]
[Black "Gullaksen, Eirik"]
[Result "0-1"]
[WhiteTitle "GM"]
[BlackTitle "IM"]
[WhiteElo "2544"]
[BlackElo "2363"]
[WhiteFideId "2809958"]
[BlackFideId "1500945"]
[EventDate "2015.12.12"]

1. e4 c5 2. Nc3 Nc6 3. Nge2 Nf6 4. d4 cxd4 5. Nxd4 e5 6. Ndb5 d6 7. Bg5 a6 8.
Na3 b5 9. Bxf6 gxf6 10. Nd5 Bg7 11. Bd3 Ne7 12. Nxe7 Qxe7 13. O-O f5 14. exf5 d5
15. c3 O-O 16. Nc2 Rb8 17. Ne3 Bb7 18. Bc2 Rfd8 19. Qh5 d4 20. f6 Qxf6 21. Bxh7+
Kf8 22. cxd4 exd4 23. Ng4 Qc6 24. f3 Rd5 25. Qh4 f5 26. Rac1 Qd6 27. Nf2 Bh6 28.
Rce1 Be3 29. Kh1 Kg7 30. Nd1 Re8 31. f4 Qh6 32. Qg3+ Kxh7 33. Nxe3 Rxe3 34. Rxe3
dxe3 35. Qxe3 Qd6 36. h3 Rd3 37. Qe2 Rxh3+ 38. Kg1 Qc5+ 39. Rf2 Qc1+ 40. Rf1
Qe3+ 41. Rf2 Qxe2 42. Rxe2 Rg3 43. Kh2 Rg6 44. b4 Be4 45. Rd2 Kg8 46. a3 Kf7 47.
Rd7+ Ke6 48. Ra7 Kd5 0-1

[Event "London Classic Superrapid"]
[Site "London ENG"]
[Date "2015.12.13"]
[Round "10.14"]
[White "Haria, Ravi"]
[Black "Zhou, Yang-Fan"]
[Result "1/2-1/2"]
[WhiteTitle "FM"]
[BlackTitle "IM"]
[WhiteElo "2445"]
[BlackElo "2455"]
[WhiteFideId "415820"]
[BlackFideId "468584"]
[EventDate "2015.12.12"]

1. Nf3 Nf6 2. g3 b6 3. Bg2 Bb7 4. c4 g6 5. d4 Bg7 6. O-O O-O 7. d5 e6 8. Nc3
exd5 9. cxd5 Re8 10. Re1 c6 11. e4 cxd5 12. exd5 Rxe1+ 13. Nxe1 Na6 14. Bf4 d6
15. Nc2 Qd7 16. Qd2 Re8 17. Rc1 Nc5 18. Nb4 Nfe4 19. Nxe4 Nxe4 20. Qc2 Nc5 21.
Nc6 a5 22. b3 Bf6 23. Qd2 Ba6 24. Re1 Rxe1+ 25. Qxe1 h5 26. h4 Kg7 27. Kh2 Nd3
28. Qe2 Bxh4 29. gxh4 Nxf4 30. Qxa6 Qg4 31. Qf1 Qxh4+ 32. Bh3 Nxd5 33. Qg2 Nf6
34. Qg3 Qe4 35. Bg2 Ng4+ 36. Kg1 Qb1+ 37. Bf1 Qxa2 38. Qc3+ f6 39. Qf3 a4 40.
bxa4 Qxa4 41. Ne7 Qd7 42. Nd5 Qe6 43. Nxb6 Qe5 44. Qg3 f5 45. Nc4 Qxg3+ 46. fxg3
d5 47. Nd2 Kf6 48. Nf3 g5 49. Be2 f4 50. gxf4 gxf4 51. Bd3 Ne5 52. Be2 Nc6 53.
Bd3 Ne5 54. Be2 Nc4 55. Bxc4 dxc4 56. Nd2 Kf5 57. Nxc4 Kg4 58. Kg2 h4 59. Ne5+
Kf5 1/2-1/2

[Event "London Classic Superrapid"]
[Site "London ENG"]
[Date "2015.12.13"]
[Round "10.15"]
[White "Buckley, Graeme N"]
[Black "Arkell, Keith C"]
[Result "0-1"]
[WhiteTitle "IM"]
[BlackTitle "GM"]
[WhiteElo "2342"]
[BlackElo "2499"]
[WhiteFideId "402265"]
[BlackFideId "400270"]
[EventDate "2015.12.12"]

1. d4 Nf6 2. Nf3 e6 3. Bg5 c5 4. e3 cxd4 5. exd4 Be7 6. Nbd2 O-O 7. Bd3 b6 8.
O-O Ba6 9. Bxa6 Nxa6 10. c3 Nc7 11. a4 a6 12. Ne5 h6 13. Bh4 Nfd5 14. Bg3 Qc8
15. Re1 Nf6 16. Qf3 b5 17. Bh4 Ncd5 18. h3 d6 19. Nd3 Re8 20. Ra2 Nb6 21. axb5
axb5 22. Rea1 Rxa2 23. Rxa2 Nc4 24. Nf1 d5 25. Bxf6 Bxf6 26. b3 Nd6 27. Nb4 Ne4
28. Rc2 Qd7 29. Qd3 Ra8 30. f3 Nd6 31. Ra2 Rc8 32. Ne3 Qc7 33. Nd1 Qb7 34. Qb1
Nf5 35. Qa1 Qc7 36. Ra8 Rxa8 37. Qxa8+ Kh7 38. Qa2 Qf4 39. Qc2 Kg8 40. Nd3 Qc7
41. Qf2 Qa7 42. Qe1 Qa2 43. b4 Qc2 44. N3f2 Bh4 45. g4 Bxf2+ 46. Nxf2 Nh4 47.
Qe3 Qd2 48. Qxd2 Nxf3+ 49. Kf1 Nxd2+ 50. Ke2 Nc4 51. Nd3 f6 52. Nc5 Kf7 53. Na6
Nd6 54. Nb8 Ke7 55. Nc6+ Kd7 56. Nb8+ Kc8 57. Nc6 Kc7 58. Ne7 Ne4 0-1

[Event "London Classic Superrapid"]
[Site "London ENG"]
[Date "2015.12.13"]
[Round "10.16"]
[White "Fernandez, Daniel Howard"]
[Black "Emms, John M"]
[Result "1-0"]
[WhiteTitle "IM"]
[BlackTitle "GM"]
[WhiteElo "2476"]
[BlackElo "2463"]
[WhiteFideId "5801605"]
[BlackFideId "400254"]
[EventDate "2015.12.12"]

1. d4 c5 2. e3 Nf6 3. Nf3 d5 4. Be2 Nc6 5. O-O e6 6. a3 Bd6 7. dxc5 Bxc5 8. b4
Bd6 9. Bb2 O-O 10. c4 Qe7 11. cxd5 exd5 12. Nbd2 Bg4 13. Nd4 Qe5 14. g3 Bh3 15.
Re1 Nxd4 16. Bxd4 Qf5 17. Bf1 Bxf1 18. Rxf1 Be5 19. Nf3 Bxd4 20. Nxd4 Qe5 21.
Rc1 Rfc8 22. Qf3 g6 23. Qf4 Qxf4 24. gxf4 Kf8 25. Nb5 Ke7 26. Rfd1 Kd7 27. Rxc8
Rxc8 28. Nxa7 Rc2 29. Nb5 Ke7 30. Nd4 Ra2 31. Rc1 Ne4 32. Rc7+ Kf6 33. f3 Nd6
34. Rd7 Nf5 35. Nxf5 gxf5 36. Rd6+ Kg7 37. Rxd5 Rxa3 38. Kf2 Ra2+ 39. Kg3 Re2
40. Rxf5 Rxe3 41. Rb5 Re1 42. Rxb7 Rg1+ 43. Kf2 Rb1 44. Rb6 h5 45. f5 h4 46. Kg2
Rb3 47. b5 f6 48. Kh3 Rxf3+ 49. Kg4 Rf1 50. Rc6 Rb1 51. b6 Rg1+ 52. Kxh4 Rb1 53.
Kh5 Rb5 54. Rc7+ 1-0

[Event "London Classic Superrapid"]
[Site "London ENG"]
[Date "2015.12.13"]
[Round "10.17"]
[White "Sreeves, Clement"]
[Black "Sadler, Matthew D"]
[Result "0-1"]
[WhiteTitle "FM"]
[BlackTitle "GM"]
[WhiteElo "2352"]
[BlackElo "2659"]
[WhiteFideId "2402564"]
[BlackFideId "400173"]
[EventDate "2015.12.12"]

1. e4 Nf6 2. e5 Nd5 3. d4 d6 4. Nf3 dxe5 5. Nxe5 c6 6. Be2 Bf5 7. O-O Nd7 8. Nf3
e6 9. c4 N5f6 10. Nc3 Qc7 11. Nh4 Bg6 12. g3 Rd8 13. Qb3 Bd6 14. c5 Be7 15. Bf4
Qc8 16. Nxg6 hxg6 17. Qa4 e5 18. Bxe5 Nxe5 19. dxe5 Qh3 0-1

[Event "London Classic Superrapid"]
[Site "London ENG"]
[Date "2015.12.13"]
[Round "10.18"]
[White "Arakhamia-Grant, Ketevan"]
[Black "Kasimdzhanov, Rustam"]
[Result "0-1"]
[WhiteTitle "GM"]
[BlackTitle "GM"]
[WhiteElo "2353"]
[BlackElo "2702"]
[WhiteFideId "13600168"]
[BlackFideId "14200244"]
[EventDate "2015.12.12"]

1. e4 c5 2. Nf3 Nc6 3. d4 cxd4 4. Nxd4 Nf6 5. Nc3 d6 6. Bg5 e6 7. Qd2 Be7 8.
O-O-O O-O 9. Nb3 Qb6 10. f3 a6 11. g4 Qc7 12. Be3 b5 13. h4 Ne5 14. Qg2 Bb7 15.
g5 Nfd7 16. f4 b4 17. Nb1 Nc4 18. Bxc4 Qxc4 19. N1d2 Qc7 20. Nd4 Rfc8 21. Nf1 a5
22. Kb1 a4 23. Ng3 b3 24. cxb3 axb3 25. Nxb3 Qc4 26. Rd4 Qa6 27. a3 d5 28. Rc1
Rxc1+ 29. Bxc1 Qb6 30. Qc2 Bc6 31. e5 Ba4 32. Rxa4 Rxa4 33. Ne2 Rc4 34. Qd3 g6
35. Be3 Qb8 36. Ned4 Nc5 37. Nxc5 Bxc5 38. Nc2 Bxe3 39. Qxe3 Re4 40. Qd2 Qb5 41.
Nb4 Qf1+ 42. Ka2 Qc4+ 43. b3 Qf1 0-1

[Event "London Classic Superrapid"]
[Site "London ENG"]
[Date "2015.12.13"]
[Round "10.19"]
[White "Jackson, James P"]
[Black "Hebden, Mark L"]
[Result "0-1"]
[WhiteTitle "FM"]
[BlackTitle "GM"]
[WhiteElo "2368"]
[BlackElo "2467"]
[WhiteFideId "416860"]
[BlackFideId "400084"]
[EventDate "2015.12.12"]

1. e4 e5 2. Nf3 Nc6 3. Bb5 a6 4. Ba4 Nf6 5. O-O Be7 6. Re1 b5 7. Bb3 O-O 8. h3
Bb7 9. d3 d5 10. exd5 Nxd5 11. Nc3 Nxc3 12. bxc3 Bf6 13. Nd2 Na5 14. Ba3 Re8 15.
Ne4 Nxb3 16. axb3 Be7 17. c4 Bxa3 18. Rxa3 bxc4 19. bxc4 Bxe4 20. Rxe4 f5 21.
Re1 e4 22. Qa1 Qd6 23. dxe4 Rxe4 24. Rxe4 fxe4 25. Re3 Re8 26. Qe1 Qd4 27. c5
Qxc5 28. Rxe4 Rf8 29. Qe2 a5 30. h4 h6 31. g3 Kh7 32. Re5 Qb6 33. Rb5 Qa7 34. c4
a4 35. c5 a3 36. Qa2 Qa6 37. Rb3 Ra8 38. h5 Kh8 39. Re3 Qa5 40. c6 Qb4 41. Kg2
Qc5 42. Kg1 Qxc6 43. Re7 Qc5 44. Rd7 Qc3 45. Kh2 Qe5 46. Kg1 Qb2 47. Qd5 Rf8 48.
Rf7 Qb1+ 0-1

[Event "London Classic Superrapid"]
[Site "London ENG"]
[Date "2015.12.13"]
[Round "10.20"]
[White "Jones, Gawain C B"]
[Black "Nguyen, Piotr"]
[Result "1-0"]
[WhiteTitle "GM"]
[WhiteElo "2615"]
[BlackElo "2329"]
[WhiteFideId "409561"]
[BlackFideId "1127993"]
[EventDate "2015.12.12"]

1. e4 g6 2. d4 Bg7 3. Nc3 d6 4. Be3 a6 5. Qd2 b5 6. a4 b4 7. Nce2 Nf6 8. Ng3 a5
9. Bh6 O-O 10. Nf3 Bb7 11. Bd3 c5 12. e5 Nfd7 13. Bxg7 Kxg7 14. Nh5+ gxh5 15.
Qg5+ Kh8 16. Qh6 f5 17. Ng5 1-0